|
|
|
|
| LEADER |
00000nab a2200000 a 4500 |
| 001 |
vtls000006046 |
| 003 |
SK-MaSNL |
| 005 |
20260303021229.0 |
| 008 |
111103c1978 xo 0 slo |
| 015 |
|
|
|a SNBRB19rr/mm-uuuuu
|
| 035 |
|
|
|a CL0016139
|
| 040 |
|
|
|a SNKBUCL
|b slo
|c SNKBUCL
|e AACR2
|
| 041 |
0 |
|
|a slo
|
| 044 |
|
|
|a xo
|c SK
|
| 080 |
|
|
|a 82.09:894.511-3(048)
|2 1981
|
| 080 |
|
|
|a 894.511-3(048)
|2 1981
|
| 100 |
1 |
|
|a -e-
|4 aut
|9 866440
|
| 245 |
1 |
0 |
|a O mladých a pre mladých
|c -e-
|
| 650 |
0 |
7 |
|a romány vojenské
|2 snkbucl
|9 1001997
|
| 650 |
0 |
7 |
|a Csontos, Gábor
|2 snkbucl
|9 1001998
|
| 650 |
0 |
7 |
|a vojaci
|2 snkbucl
|9 20587
|
| 650 |
0 |
7 |
|a vojenská služba
|2 snkbucl
|9 4796
|
| 655 |
|
7 |
|a články z novín a časopisov
|2 snkbucl
|9 267496
|
| 655 |
|
7 |
|a články z odboru literárna veda a krásna literatúra
|2 snkbucl
|9 770045
|
| 700 |
1 |
|
|a Csontos, Gábor
|4 aut
|9 552120
|
| 773 |
0 |
|
|t Hlas ľudu
|g Roč. 24, č. 171 (22. 7. 1978), s. 4
|
| 787 |
0 |
8 |
|i Rec.:
|a Csontos, Gábor
|t Plechoví jazdci
|
| 850 |
|
|
|a Slovenská národná knižnica v Martine
|a MTA001
|
| 852 |
|
|
|a SNK
|b KIS3GCP
|
| 958 |
|
|
|a RK
|
| 958 |
|
|
|a LX
|
| 992 |
|
|
|a RBX
|
| 999 |
|
|
|c 1622073
|d 1624003
|